000 00899nam a22002897a 4500
001 BR2012001207
003 BR-BrBNA
005 20230928103859.0
007 ta
008 230509b bl.||||| |||| 00| 0 por d
040 _aBR-BrBNA
_bpor
_cBiblioteca Nacional de Agricultura
041 _a(Spa, Por)
072 _aE71
090 _ E71 BR2012001207
100 1 _aVidal, R. de M.
110 1 _aMinistério das Relações Exteriores, Brasília, DF (Brasil). Fund. Alexandre de Gusmão
_97464
245 1 _aA inserção de micro, pequenas e médias empresas no processo negociador do Mercosul
260 3 _aBrasília, DF (Brasil):
_c2011.
300 _a323 p.
500 _aBibliography p. 227-238; 12 tables
650 _aMERCOSUL
650 _aCOMÉRCIO EXTERIOR
650 _aINTEGRAÇÃO
650 _aPOLÍTICAS PÚBLICAS
909 _a202309
_bLucia
_c55
_dLucia Elande
942 _cBK
999 _c77055
_d77055